Les Pays de l'Empire Espagnol ( 1492-1976 ) - Statistiques

Statistiques générales
  • Ce quiz a été pris 138 fois
  • Le résultat moyen est 21 sur 35
Statistiques - réponses
Hint Réponse % Correct
1565 - 1819 Etats unis ( Floride )
100%
1580 - 1816 Argentine
93%
1534 - 1824 Perou
92%
1525 - 1819 Colombie
91%
1521 - 1821 Mexique
91%
1541 - 1818 Chili
89%
1545 - 1825 Bolivie
88%
1534 - 1822 Equateur
87%
xvi siècle - 1819 Panama
87%
1537 - 1811 Paraguay
87%
1511 - 1898 Cuba
86%
1726 - 1814 Uruguay
86%
1524 - 1821 Honduras
85%
1525 - 1821 Salvador
85%
1522 - 1821 Venezuela
85%
xvi siècle - 1821 Guatemala
80%
1522 - 1821 Costa Rica
79%
1524 - 1821 Nicaragua
73%
xvi siècle - 1821 République Dominicaine
72%
1912 - 1956 Maroc
65%
1912 - 1969 Maroc ( Enclaves de Sidi Ifni )
65%
1886 - 1975 Maroc ( Sahara Occidentale )
65%
1565 - 1898 Philippines
47%
1592 - 1797 Trinité et Tobago
46%
1778 - 1968 Guinée Equatoriale
39%
1509 - 17081732 - 1792 Algérie ( Enclave d'Oran )
38%
xvi siècle - 1655 Jamaique
31%
1521 - 1821 Etats Unis
28%
1763 - 1800 Etats Unis ( Louisiane )
24%
1508 - 1898 Porto Rico
15%
1580 - Ceuta
13%
1886 - 1899 Micronésie
11%
1497 - Melilla
10%
1668 -1898 Guam
5%
1479 - Ile Canaries
0%
Aucun quiz correspondant
Distribution des résultats
% des personnes avec chaque résultat
Percentile par nombre de réponses
Votre historique - résultats
Vous n’avez pas pris ce quiz